| 000 | 01292cam a2200349 i 4500 | ||
|---|---|---|---|
| 001 | 17903910 | ||
| 003 | SISC | ||
| 005 | 20170109163620.0 | ||
| 008 | 130930s2014 nju b 001 0 eng | ||
| 010 | _a 2013038872 | ||
| 020 | _a9781118617618 (cloth) | ||
| 020 | _z9781118826270 (epdf) | ||
| 020 | _z9781118826461 (epub) | ||
| 020 | _z9781118691779 (o-book) | ||
| 040 |
_aDLC _beng _cDLC _erda _dDLC |
||
| 042 | _apcc | ||
| 050 | 0 | 0 |
_aHD 30.2 _b.K39 2014 |
| 082 | 0 | 0 | _a004.67/82 |
| 100 | 1 | _aKavis, Michael. | |
| 245 | 1 | 0 |
_aArchitecting the cloud : _bdesign decisions for cloud computing service models (SaaS, PaaS, and IaaS) / _cMichael Kavis. |
| 260 |
_aNJ : _bJohn Wiley & Sons, Inc., _c2014. |
||
| 300 |
_axxi, 199 pages ; _c24 cm. |
||
| 490 | 0 | _aThe Wiley CIO series | |
| 500 | _aIncludes bibliographical references and index. | ||
| 650 | 0 |
_aInformation technology _xManagement. |
|
| 650 | 0 | _aCloud computing. | |
| 650 | 0 | _aComputer architecture. | |
| 776 | 0 | 8 |
_iOnline version: _aKavis, Michael. _tArchitecting the cloud _dHoboken, New Jersey : John Wiley & Sons, Inc., [2014] _z9781118826270 _w(DLC) 2013040280 |
| 906 |
_a7 _bcbc _corignew _d1 _eecip _f20 _gy-gencatlg |
||
| 942 |
_2lcc _cBK |
||
| 999 |
_c305376 _d305376 |
||